| 000 | 00812nam a2200205 a 4500 | ||
|---|---|---|---|
| 005 | 20251024063923.0 | ||
| 008 | 991125s1975 mx 000 0 spa u | ||
| 035 | _aUPN01000007916 | ||
| 049 | _aLTG | ||
| 050 | 4 |
_aLB1585 M6.6 _b1975 LM |
|
| 245 | 0 | 0 |
_aCiencias naturales : _bsexto grado : libro del maestro _blibro del maestro / _cMaría Antonia Candela... [et al.]. -- 2a. ed. rev. y correg |
| 260 |
_aMéxico : _bSEP, Comisión Nacional de los Libros de Texto Gratuitos, _c1975. |
||
| 300 |
_a154, [4] p. : _bil. col. |
||
| 500 | _aLibro de texto gratuito | ||
| 500 | _a"Datos 1975-1976" | ||
| 650 | 4 |
_aCiencias naturales _xEstudio y enseñanza (Elemental) _92812 |
|
| 700 | 1 |
_aCandela, Antonia _ecoaut. _932625 |
|
| 710 | 2 |
_aComisión Nacional de los Libros de Texto Gratuitos (México) _928140 |
|
| 905 | _aLibro | ||
| 999 |
_c7916 _d7916 |
||